| 000 | 00836cam a22002651 4500 | ||
|---|---|---|---|
| 001 | 5178 | ||
| 003 | BD-RjUL | ||
| 005 | 20211208234025.0 | ||
| 008 | 131224t1954 enka 000 0deng | ||
| 035 | _a(BD-RjUL)5214 | ||
| 035 | _a(OCoLC)3357676 | ||
| 040 |
_aDLC _cFTaSU _dDLC _dBD-RjUL _beng |
||
| 041 | _aeng | ||
| 082 | 0 | 4 |
_216 _a364.12 _bTHC 1954 |
| 100 | 1 |
_aThorp, Arthur. _d1900- _916308 |
|
| 245 | 1 | 0 |
_aCalling Scotland Yard : _bbeing the casebook of chief superintendent Arthur Thorp / _cPresented by A. Noyes Thomas. |
| 260 |
_aLondon : _bA. Wingate, _c1954. |
||
| 300 |
_a220 p. : _billus. ; _c22 cm. |
||
| 650 | 0 |
_aDetectives _zEngland _zLondon _xBiography. _916309 |
|
| 650 | 0 |
_aPolice _zEngland _zLondon. _916310 |
|
| 650 | 0 |
_aCrime _zEngland _zLondon. _916099 |
|
| 942 |
_2ddc _cBK |
||
| 999 |
_c5178 _d5178 |
||